000 00378nam a2200133 i 4500
001 bg
100 1 _aTJABLIKOV, Sergej Vladimirovic
245 0 _aMethods in the Quantum Theory of Magnetism :
_bTrnsf. from Russian /
_cSergej Vladimirovic Tjablikov.
260 _aNew York,
_c1967.
040 _cBPK
041 _apol
942 _cKS
008 s pl f |000 0 pol
999 _c15883
_d15883
856 _uhttp://koha.tu.koszalin.pl/cgi-bin/koha/opac-detail.pl?biblionumber=15883
_yKatalog online BPK